All Bambi characters by screen time - Statistics

General Stats
  • This quiz has been taken 8 times
  • The average score is 4 of 11
Answer Stats
% Of Movie Screen Time Answer % Correct
50.91 35:28 Bambi
100%
17.11 11:55 Thumper
80%
5.91 4:07 Flower
60%
15.17 10:34 Bambi's Mom
40%
1.58 1:06 Thumper's Mom
40%
10.26 7:09 Faline
20%
7.97 5:33 Friend Owl
20%
5.69 3:58 Great prince of the forest
20%
1.24 :52 Bluebell
0%
1.75 1:13 Miss Bunny
0%
1.53 1:04 Ronno
0%
No matching quizzes found
Score Distribution
Percent of People with Each Score
Percentile by Number Answered
Your Score History
You have not taken this quiz